| 000 | 03350cam a2200637Ka 4500 | ||
|---|---|---|---|
| 999 |
_c5227 _d5227 |
||
| 001 | ocn817914280 | ||
| 003 | OCoLC | ||
| 005 | 20191203121314.0 | ||
| 006 | m o d | ||
| 007 | cr cnu---unuuu | ||
| 008 | 121114s2009 enka ob 001 0 eng d | ||
| 016 | 7 |
_z015175083 _2Uk |
|
| 020 | _a9786612395338 | ||
| 020 | _a0511656262 | ||
| 020 | _z9780521887816 | ||
| 035 |
_a(OCoLC)817914280 _z(OCoLC)1043069993 |
||
| 037 |
_a239533 _bMIL |
||
| 040 |
_aCAMBR _beng _epn _cTZ-ArACH |
||
| 049 | _aTZAA | ||
| 050 | 4 |
_aJC571 _b.K53 |
|
| 082 | 0 | 4 |
_a323 _222 |
| 100 | 1 |
_aKinley, David _c(Lecturer in law) |
|
| 245 | 1 | 0 |
_aCivilising globalisation : _bhuman rights and the global economy / _cDavid Kinley. |
| 246 | 3 | _aCivilizing globalization | |
| 246 | 3 | 0 | _aHuman rights and the global economy |
| 260 |
_aCambridge [U.K.] ; _aNew York, N.Y. : _bCambridge University Press, _c2009. |
||
| 300 |
_axiv, 256 pages ; _billustrations |
||
| 504 | _aIncludes bibliographical references and index. | ||
| 505 | 0 | _aEconomic globalisation and universal human rights -- Trade and human rights -- Aid and human rights -- Commerce and human rights -- Civilising globalisation ahead. | |
| 520 | _aDavid Kinley provides arguments for why the wealth created by economic globalization must serve the broad goals of social welfare and human rights and gives an agenda for how we can protect and promote human rights without sacrificing global economic growth. | ||
| 650 | 0 | _aHuman rights. | |
| 650 | 0 |
_aHuman rights _xEconomic aspects. |
|
| 650 | 0 |
_aInternational economic relations _xSocial aspects. |
|
| 650 | 0 |
_aInternational trade _xSocial aspects. |
|
| 650 | 0 |
_aGlobalization _xEconomic aspects. |
|
| 650 | 0 |
_aGlobalization _xSocial aspects. |
|
| 650 | 7 |
_aPolitical Science _xPolitical Freedom & Security _xCivil Rights. _2bisacsh _92435 |
|
| 650 | 7 |
_aPolitical Science _xPolitical Freedom & Security _xHuman Rights. _2bisacsh |
|
| 650 | 7 |
_aGlobalization _xEconomic aspects. _2fast |
|
| 650 | 7 |
_aGlobalization _xSocial aspects. _2fast |
|
| 650 | 7 |
_aHuman rights. _2fast |
|
| 650 | 7 |
_aHuman rights _xEconomic aspects. _2fast |
|
| 650 | 7 |
_aInternational economic relations _xSocial aspects. _2fast |
|
| 650 | 7 |
_aInternational trade _xSocial aspects. _2fast |
|
| 653 | _aDonation by Raoul Wallenberg Institute, Nov 2019 | ||
| 776 | 0 | 8 |
_iPrint version: _aKinley, David, lecturer in law. _tCivilising globalisation. _dCambridge [U.K.] ; New York, N.Y. : Cambridge University Press, 2009 _z9780521887816 _w(DLC) 2009015014 _w(OCoLC)311769252 |
| 856 | 4 | 0 |
_3Cambridge Books Online _uhttps://doi.org/10.1017/CBO9780511803710 |
| 856 | 4 | 0 |
_3ebrary _uhttp://site.ebrary.com/id/10360058 |
| 856 | 4 | 0 |
_3EBSCOhost _uhttps://search.ebscohost.com/login.aspx?direct=true&scope=site&db=nlebk&db=nlabk&AN=304413 |
| 856 | 4 | 0 |
_3MyiLibrary _uhttp://www.myilibrary.com?id=239533 |
| 856 | 4 | 0 |
_3MyiLibrary _uhttp://0-lib.myilibrary.com.emu.londonmet.ac.uk?id=239533 |
| 856 | 4 | 0 |
_3ProQuest Ebook Central _uhttp://public.ebookcentral.proquest.com/choice/publicfullrecord.aspx?p=472011 |
| 856 | 4 | 0 |
_uhttps://0-www.cambridge.org.catalogue.libraries.london.ac.uk/core/product/identifier/9780511803710/type/BOOK _zAccess onsite at IALS {u2013} Cambridge Core Books Online |
| 856 | 4 | 1 |
_3MyiLibrary, Table of contents _uhttp://www.myilibrary.com?id=239533&ref=toc |
| 942 |
_2lcc _cBOOK |
||